000 00266nam a22001097a 4500
082 _a297.07 GHA'D
100 _aGHAZI, UMER FAROOQ
_974183
245 _aDALEEL JADEED ARABI GUIDE
260 _aRAWALPINDI
_bMILITARY INTELLIGENCE
_c1982
300 _a252P
942 _cBK
999 _c579737
_d579737